| 000 | 00681nam a2200265Ia 4500 | ||
|---|---|---|---|
| 008 | 210210b2014 xxu||||| |||| 00| 0 eng d | ||
| 020 | _a9788130917986 | ||
| 041 | _aeng | ||
| 082 | _a502.8 WALV | ||
| 100 | _aWALKER (Pamela) | ||
| 245 |
_aViva facts on file science experiments library: marine science _bLearning through experiments and experience |
||
| 260 |
_aNew Delhi _bViva books _c2014 |
||
| 300 | _axx,148 | ||
| 650 | _aViva | ||
| 650 | _ascience | ||
| 650 | _aon | ||
| 650 | _amarine | ||
| 650 | _alibrary: | ||
| 650 | _afile | ||
| 650 | _afacts | ||
| 650 | _aexperiments | ||
| 690 | _aScience Experiments | ||
| 700 | _aWOOD (Elaine) | ||
| 906 | _a068882 | ||
| 999 |
_c152979 _d152979 |
||